Music Quiz

Random Music or Rock Quiz

The Beach Boys or the Beatles Quiz Stats

 Plays Quiz Updated Oct 22, 2017

Score 0/20 Timer 03:00
10 Plays Today
Question Answer Wrong Answers
Hey Jude The Beatles
97%
The Beach Boys
0.7%
All You Need Is Love The Beatles
96.2%
The Beach Boys
1.7%
Strawberry Fields Forever The Beatles
95.9%
The Beach Boys
1.9%
Eleanor Rigby The Beatles
95.5%
The Beach Boys
2.3%
Good Vibrations The Beach Boys
95.2%
The Beatles
2.7%
Hello, Goodbye The Beatles
95%
The Beach Boys
2.9%
Revolution The Beatles
93.2%
The Beach Boys
4.5%
Here Comes the Sun The Beatles
93.1%
The Beach Boys
4.7%
Kokomo The Beach Boys
93.1%
The Beatles
4.8%
Blackbird The Beatles
92.3%
The Beach Boys
5.5%
Wouldn't It Be Nice The Beach Boys
91.3%
The Beatles
6.5%
I Get Around The Beach Boys
91.2%
The Beatles
6.7%
A Day in the Life The Beatles
90.5%
The Beach Boys
7.4%
Don't Worry Baby The Beach Boys
90.2%
The Beatles
7.6%
Help Me Rhonda The Beach Boys
90%
The Beatles
7.8%
The Warmth of the Sun The Beach Boys
84.7%
The Beatles
13.1%
I Can Hear Music The Beach Boys
83.7%
The Beatles
14%
Do It Again The Beach Boys
80.6%
The Beatles
17.2%
Heroes and Villains The Beach Boys
79.4%
The Beatles
18.4%
Don't Let Me Down The Beatles
79%
The Beach Boys
18.8%

You're not logged in!

Compare scores with friends on all Sporcle quizzes.
OR
Log In

You Might Also Like...

Show Comments

Extras

Top Quizzes Today


Score Distribution

Your Account Isn't Verified!

In order to create a playlist on Sporcle, you need to verify the email address you used during registration. Go to your Sporcle Settings to finish the process.

Report this User

Report this user for behavior that violates our Community Guidelines.

Details: